[Event "IECG CP.2006.P.00014 email"]
[Site "IECG email"]
[Date "2006.10.01"]
[Round "?"]
[White "Garcia, Arturo"]
[Black "Niewold, Jaap"]
[Result "0-1"]
[WhiteElo "800"]
[BlackElo "1681"]
[PlyCount "32"]
[EventDate "2006.10.01"]
[EventType "tourn (corr)"]
[EventRounds "6"]
[SourceTitle "Corr 2011"]
[Source "ChessBase"]
[SourceDate "2010.08.31"]
[SourceVersion "1"]
[SourceVersionDate "2010.08.31"]
[SourceQuality "1"]

1. e4 e6 2. d4 d5 3. Nc3 Bb4 4. Nf3 dxe4 5. Ne5 Nf6 6. Nxf7 Kxf7 7. a3 Ba5 8. Bc4 Nc6 9. b4 Qxd4 10. Qxd4 Nxd4 11. Ra2 Bb6 12. 0-0 Nf5 13. a4 e3 14. Kh1 exf2 15. a5 Be3 16. Bb2 Rd8 0-1

[Event "IECG QN.2004.0.00312 email"]
[Site "IECG email"]
[Date "2004.02.26"]
[Round "?"]
[White "Garcia, Arturo"]
[Black "Sijses, Wim"]
[Result "0-1"]
[WhiteElo "800"]
[BlackElo "800"]
[PlyCount "30"]
[EventDate "2004.02.26"]
[EventType "tourn (corr)"]
[EventRounds "6"]
[SourceTitle "Corr 2008"]
[Source "ChessBase"]
[SourceDate "2008.06.24"]
[SourceVersion "1"]
[SourceVersionDate "2008.06.24"]
[SourceQuality "1"]

1. e4 e5 2. Nf3 Nc6 3. Bc4 Nf6 4. d3 d5 5. exd5 Nxd5 6. 0-0 Be7 7. Re1 f6 8. d4 Nb6 9. dxe5 Qxd1 10. Bf7+ Kxf7 11. Rxd1 Bg4 12. e6+ Kxe6 13. Re1+ Kf7 14. h3 Bxf3 15. gxf3 Nd4 0-1